| 000 | 00783nab a2200229u 4500 | ||
|---|---|---|---|
| 001 | 12451 | ||
| 003 | HDC | ||
| 007 | c| |||a|c|aaaa | ||
| 008 | 210209b99999999my ||||o |||| 00| 0 eng d | ||
| 040 | _aHDC | ||
| 245 | 0 | _aMIFB 2016 - Malaysia's Leading Food & Beverage Trade Event | |
| 336 |
_atext _2rdacontent |
||
| 337 |
_acomputer _2rdamedia |
||
| 338 |
_aonline resource _2rdacarrier |
||
| 650 |
_aFood & Beverage, Seafood and Food Technology _913060 |
||
| 650 |
_aFOODTECH 2016 _913061 |
||
| 710 | _aINSIS- Singapore Information Services | ||
| 856 | _zRequest full-text at [email protected] | ||
| 942 | _2lcc | ||
| 942 | _cNEWS | ||
| 942 | _kNWS0 001029 | ||
| 999 |
_c9774 _d9774 |
||